Ważne daty w historii ZSRR - Statystyki

Ogólne statystyki
  • Ten quiz został rozwiązany 415 razy
    391 od ostatniego zresetowania
  • Średni wynik to 17 z 18
Statystyki odpowiedzi
Wydarzenie Rok % Poprawnych
Rozpoczęcie II Wojny Światowej 1939
97%
Atak Niemiec na ZSRR 1941
96%
Zdobycie Berlina 1945
96%
Upadek ZSRR 1991
96%
Rewolucja Październikowa 1917
95%
Wygranie Bitwa Stalingradzkiej 1943
95%
Śmierć Stalina 1953
95%
Utworzenia ZSRR 1922
93%
Przejęcie władzy przez Stalina 1924
93%
Katastrofa w Czarnobylu 1986
93%
Traktat Ryski 1921
92%
Początek Zimnej Wojny 1947
91%
Jesień Ludów 1989
91%
Początek Wielkiej Czystki 1936
90%
Traktat Brzeski 1918
89%
Sformowanie NKVD 1934
89%
Założenie Gułagu 1930
87%
Praska Wiosna 1968
86%
Nie znaleziono quizów pasujących do podanych kryteriów
Rozkład punktacji
Procent ludzi z każdym wynikiem
Percentyl według liczby udzielonych odpowiedzi
Twoja historia wyników
Nie rozwiązałeś tego quizu od ostatniego zresetowania